| 000 | 01414nam a22003614a 4500 | ||
|---|---|---|---|
| 001 | ebr10015751 | ||
| 003 | CaPaEBR | ||
| 006 | m u | ||
| 007 | cr cn||||||||| | ||
| 008 | 990701s2000 dcu sb 001 0 eng | ||
| 010 | _z 99038802 | ||
| 020 | _z0821345672 | ||
| 040 |
_aCaPaEBR _cCaPaEBR |
||
| 035 | _a(OCoLC)48138692 | ||
| 050 | 1 | 4 |
_aHQ767.9 _b.E96 2000eb |
| 082 | 0 | 4 |
_a305.231 _221 |
| 100 | 1 | _aEvans, Judith L. | |
| 245 | 1 | 0 |
_aEarly childhood counts _h[electronic resource] : _ba programming guide on early childhood care for development / _cJudith L. Evans with Robert G. Meyers and Ellen M. Ilfeld. |
| 260 |
_aWashington, D.C. : _bWorld Bank, _cc2000. |
||
| 300 | _aviii, 412 p. | ||
| 490 | 1 | _aWBI learning resources series | |
| 504 | _aIncludes bibliograhical references and index. | ||
| 533 |
_aElectronic reproduction. _bPalo Alto, Calif. : _cebrary, _d2013. _nAvailable via World Wide Web. _nAccess may be limited to ebrary affiliated libraries. |
||
| 650 | 0 | _aChild development. | |
| 650 | 0 | _aChild care. | |
| 650 | 0 | _aEarly childhood education. | |
| 655 | 7 |
_aElectronic books. _2local |
|
| 700 | 1 |
_aMeyers, Robert G., _d1934- |
|
| 700 | 1 |
_aIlfeld, Ellen, _d1955- |
|
| 710 | 2 | _aebrary, Inc. | |
| 830 | 0 | _aWBI learning resources series. | |
| 856 | 4 | 0 |
_uhttp://site.ebrary.com/lib/rucke/Doc?id=10015751 _zAn electronic book accessible through the World Wide Web; click to view |
| 999 |
_c25736 _d25736 |
||